LIBRARY & INFORMATION CENTRE, KCAET, TAVANUR

ONLINE PUBLIC ACCESS CATALOGUE (OPAC)

Course in Electrical and Electronic Measurements and Instrumentation / (Record no. 1339)

MARC details
000 -LEADER
fixed length control field 00394cam a2200145ua 4500
082 ## - DEWEY DECIMAL CLASSIFICATION NUMBER
Classification number 62.371
Item number SAW/CO
100 ## - MAIN ENTRY--AUTHOR NAME
Personal name Sawhney, A.K .
245 ## - TITLE STATEMENT
Title Course in Electrical and Electronic Measurements and Instrumentation /
250 ## - EDITION STATEMENT
Edition statement 11 /
260 ## - PUBLICATION, DISTRIBUTION, ETC. (IMPRINT)
Place of publication :
Name of publisher Dhanpat Rai Publishing Co. Pvt. Ltd. ,
Year of publication 1996.
300 ## - PHYSICAL DESCRIPTION
Number of Pages 1542 ; .
500 ## - GENERAL NOTE
General note *CSS
700 1# - ADDED ENTRY--PERSONAL NAME
Personal name Puneet, Sawhney .
942 ## - ADDED ENTRY ELEMENTS (KOHA)
Koha item type Books
Holdings
Withdrawn status Lost status Damaged status Home library Current library Date acquired Full call number Accession Number Koha item type Shelving location
      KAUAET KAUAET 07/04/2012 621.371 SAW/CO 19086 Books  
      KAUAET KAUAET 07/04/2012 621.371 SAW/CO 19336 Books  
      KAUAET KAUAET 07/04/2012 621.371 SAW/CO 19337 Books  
      KAUAET KAUAET 07/04/2012 621.371 SAW/CO 19049 Books  
      KAUAET KAUAET 07/04/2012 621.371 SAW/CO 19335 Books  
      KAUAET KAUAET 07/04/2012 621.371 SAW/CO 18233 Book Bank scheme for SC students Scheme
      KAUAET KAUAET 07/04/2012 621.371 SAW/CO 18387 Books  
      KAUAET KAUAET 07/09/2018 621.371 SAW/CO 18235 Book Bank scheme for SC students Scheme
      KAUAET KAUAET 07/09/2018 621.371 SAW/CO 18868 Book Bank scheme for SC students Scheme
      KAUAET KAUAET 07/09/2018 621.371 SAW/CO 18866 Book Bank scheme for SC students Scheme
      KAUAET KAUAET 11/09/2018 621.371 SAW/CO 18234 Books Scheme
      KAUAET KAUAET 11/09/2018 621.371 SAW/CO 18867 Books Scheme
free website counter